|
|
|
|
| LEADER |
02604nam a2200385 a 4500 |
| 001 |
16559465 |
| 008 |
110917s2006 enka b 001 0 eng |
| 010 |
|
|
|a 2010047392
|
| 020 |
|
|
|a 1405136030
|
| 020 |
|
|
|a 9781405136037
|
| 040 |
|
|
|a DLC
|c DLC
|d YDX
|d BTCTA
|d YDXCP
|d CDX
|d VET
|d NLM
|d DLC
|d BD-DhAAL
|
| 042 |
|
|
|a pcc
|
| 082 |
0 |
0 |
|a 616.07/9
|2 22
|
| 245 |
0 |
0 |
|a Roitt's essential immunology /
|c Peter J. Delves ... [et al.].
|
| 246 |
3 |
0 |
|a Essential immunology
|
| 250 |
|
|
|a 11th ed.
|
| 260 |
|
|
|a Malden, Mass. ;
|a Oxford :
|b Blackwell Pub.,
|c 2006.
|
| 300 |
|
|
|a xvi, 474 p. :
|b ill., ports. ;
|c 28 cm.
|
| 500 |
|
|
|a Rev. ed. of: Roitt's essential immunology /
|v an M. Roitt. 10th ed. 2001.
|
| 504 |
|
|
|a Includes bibliographical references and index.
|
| 541 |
|
|
|e 00023412
|
| 505 |
0 |
|
|a Innate immunity -- Specific acquired immunity -- Antibodies -- Membrane receptors for antigen -- The primary interaction with antigen -- Immunological methods and applications -- The anatomy of the immune response -- Lymphocyte activation -- The production of effectors -- Control mechanisms -- Ontogeny and phylogeny -- Adversarial strategies during infection -- Vaccines --Immunodeficiency -- Hypersensitivity -- Transplantation --Tumor immunology -- Autoimmune diseases.
|
| 650 |
|
0 |
|a Immunology.
|
| 650 |
1 |
2 |
|a Immune System.
|
| 650 |
2 |
2 |
|a Immunity.
|
| 700 |
1 |
|
|a Delves, Peter J.
|
| 700 |
1 |
|
|a Roitt, Ivan M.
|q (Ivan Maurice)
|t Roitt's essential immunology.
|
| 852 |
1 |
|
|a Ayesha Abed Library
|c General shelf.
|
| 942 |
0 |
0 |
|0 2
|
| 999 |
|
|
|c 11233
|d 11233
|
| 952 |
|
|
|0 0
|1 0
|2 ddc
|4 0
|6 616_079000000000000_ROI
|7 0
|9 18011
|a BRACUL
|b BRACUL
|c GEN
|d 2011-09-17
|e Development Book Agency
|g 2840.00
|l 17
|m 150
|o 616.079 ROI
|p 3010023412
|r 2026-01-15
|s 2025-12-10
|t 1
|w 2011-09-17
|y BK
|
| 952 |
|
|
|0 0
|1 0
|2 ddc
|4 0
|6 616_079000000000000_ROI
|7 0
|9 18012
|a BRACUL
|b BRACUL
|c GEN
|d 2011-09-13
|e Development Book Agency
|g 2840.00
|l 14
|m 96
|o 616.079 ROI
|p 3010023413
|q 2026-06-09
|r 2025-06-16
|s 2025-06-16
|t 2
|w 2011-09-17
|y BK
|
| 952 |
|
|
|0 0
|1 0
|2 ddc
|4 0
|6 616_079000000000000_ROI
|7 0
|9 18013
|a BRACUL
|b BRACUL
|c GEN
|d 2011-09-13
|e Development Book Agency
|g 2840.00
|l 21
|m 166
|o 616.079 ROI
|p 3010023414
|r 2026-05-04
|s 2026-04-29
|t 3
|w 2011-09-17
|y BK
|
| 952 |
|
|
|0 0
|1 0
|2 ddc
|4 0
|6 616_079000000000000_ROI
|7 0
|9 18014
|a BRACUL
|b BRACUL
|c GEN
|d 2011-09-13
|e Development Book Agency
|g 2840.00
|l 14
|m 95
|o 616.079 ROI
|p 3010023415
|q 2026-05-14
|r 2025-10-13
|s 2025-10-13
|t 4
|w 2011-09-17
|y BK
|
| 952 |
|
|
|0 0
|1 0
|2 ddc
|4 0
|6 616_079000000000000_ROI
|7 0
|9 18015
|a BRACUL
|b BRACUL
|c GEN
|d 2011-09-13
|e Development Book Agency
|g 2840.00
|l 16
|m 100
|o 616.079 ROI
|p 3010023416
|r 2026-01-07
|s 2025-12-08
|t 5
|w 2011-09-17
|y BK
|